000 00979nam a2200217Ia 4500
003 OSt
005 20201007182541.0
008 191128s2006 sp ad gr 000 0 spa d
020 _a8423424731
040 _aCO-JMCR
_cCO-JMCR
041 0 _aspa
082 0 4 _a658.02 /
_bG536e
_223
100 1 _aGittell, Jody Hoffer,
_eautor
_911338
245 1 3 _aEl estilo soyhwest Airlines :
_bcómo gestionar las relaciones para obtener un gran rendimiento /
_cJody Hoffer Gittell
260 _aEspaña :
_bMcGranw Hill,
_c2006.
300 _a310 páginas :
_bdiagramas a blanco y negro ;
_c25 cm.
505 0 _aDe love field a la aerolinia de mayor éxito del mundo -- De cómo Southwest utiliza las relaciones de alto rendimiento para superar los desafios estratetégicos -- Southwest frente a American Airlines-- Invertir en la dirección de primera linea
650 2 4 _aAerolíneas
_zEstados Unidos
_911339
650 2 4 _aGestión administración
_zEstados Unidos
_911340
942 _2ddc
_cBK
999 _c4578
_d4578